Top 100 MLB Players of 2021 (ESPN) - Statistics

General Stats
  • This quiz has been taken 104 times
  • The average score is 79 of 100
Answer Stats
# Pos. Team Player % Correct
3. OF WAS Juan Soto
98%
1. OF LAA Mike Trout
98%
2. OF LAD Mookie Betts
98%
32, SP LAD Clayton Kershaw
97%
7. 1B ATL Freddie Freeman
97%
5. SP NYY Gerrit Cole
97%
4. OF ATL Ronald Acuña Jr.
97%
24. OF NYY Aaron Judge
95%
12. OF LAD Cody Bellinger
95%
8. SS SD Fernando Tatis Jr.
95%
6. SP NYM Jacob deGrom
95%
21. SP WAS Max Scherzer
95%
26. SS WAS Trea Turner
95%
9. OF MIL Christian Yelich
94%
96. 3B LAD Justin Turner
94%
13. 3B HOU Alex Bregman
92%
25. OF PHI Bryce Harper
92%
14. SP CLE Shane Bieber
92%
15. 3B LAA Anthony Rendon
91%
10. SS NYM Francisco Lindor
91%
99. SP ATL Ian Anderson
91%
17. 3B CLE Jose Ramirez
91%
27. C PHI J.T. Realmuto
91%
20. 3B SD Manny Machado
91%
11. 3B STL Nolan Arenado
91%
33. SS CHW Tim Anderson
91%
57. 2B HOU Jose Altuve
89%
73. SP/DH LAA Shohei Ohtani
89%
23. SS COL Trevor Story
89%
18. SP LAD Walker Buehler
89%
19. 2B NYY DJ LeMahieu
88%
29. 3B OAK Matt Chapman
88%
45. 1B STL Paul Goldschmidt
88%
47. 3B BOS Rafael Devers
88%
30. SP WAS Stephen Strasburg
88%
16. SP LAD Trevor Bauer
88%
55. 1B TOR Vladimir Guerrero Jr.
88%
37. SP SD Yu Darvish
88%
34. SS HOU Carlos Correa
86%
44. SS CHC Javier Baez
86%
43. 1B CHW Jose Abreu
86%
61. 1B OAK Matt Olson
86%
35. 2B ATL Ozzie Albies
86%
48. 1B NYM Pete Alonso
86%
42. SS BOS Xander Bogaerts
86%
56. 1B CHC Anthony Rizzo
85%
77. DH NYY Giancarlo Stanton
85%
41. SS TOR Bo Bichette
83%
22. SS LAD Corey Seager
83%
51. SP PHI Aaron Nola
82%
36. SP SD Blake Snell
82%
28. OF TOR George Springer
82%
49. SS NYY Gleyber Torres
82%
63. 1B LAD Max Muncy
82%
69. RP MIL Josh Hader
80%
64. 2B/OF ARI Ketel Marte
80%
88. OF MIA Starling Marte
80%
79. 3B CHC Kris Bryant
77%
62. SP ATL Max Fried
77%
72. SP PHI Zack Wheeler
77%
31. SP CHW Lucas Giolito
76%
46. SP CIN Luis Castillo
76%
52. OF CHW Luis Robert
76%
38. SP STL Jack Flaherty
74%
58. 2B/OF NYM Jeff McNeil
74%
39. SP TB Tyler Glasnow
74%
86. C LAD Will Smith
74%
85. C CHW Yasmani Grandal
74%
60. SP MIL Brandon Woodruff
73%
66. 3B MIN Josh Donaldson
73%
91. SP CHW Lance Lynn
73%
80. SS ATL Dansby Swanson
71%
40. OF ATL Marcell Ozuna
71%
70. 2B/OF KC Whit Merrifield
71%
89. DH HOU Yordan Alvarez
71%
54. 2B TB Brandon Lowe
68%
67. SP CHC Kyle Hendricks
68%
53. OF NYM Michael Conforto
68%
93. OF BOS Alex Verdugo
67%
94. RP MIL Devin Williams
65%
50. SP TOR Hyun-Jin Ryu
65%
82. 1B NYY Luke Voit
65%
81. DH MIN Nelson Cruz
64%
71. OF TB Randy Arozarena
64%
65. OF CHW Eloy Jimenez
62%
90. SP WAS Patrick Corbin
62%
95. 3B TOR Cavan Biggio
61%
84. OF HOU Michael Brantley
61%
74. SP MIN Jose Berrios
59%
75. 3B CHW Yoan Moncada
59%
92. SP COL German Marquez
58%
98. 3B CIN Eugenio Suarez
56%
68. 2B TOR Marcus Semien
56%
83. SP ARI Zac Gallen
56%
76. SP MIN Kenta Maeda
53%
78. SP ATL Mike Soroka
48%
97. SP LAD Dustin May
45%
59. OF SF Mike Yastrzemski
45%
100. DH TB Austin Meadows
42%
87. SP SD Dinelson Lamet
42%
No matching quizzes found
Score Distribution
Percent of People with Each Score
Percentile by Number Answered
Your Score History
You have not taken this quiz